| 000 | 00400nam a2200145Ia 4500 | ||
|---|---|---|---|
| 008 | 230917s9999||||xx |||||||||||||| ||und|| | ||
| 040 |
_e217700 _aMAIN |
||
| 041 | _aEnglish | ||
| 082 | _a338.4791 B867T | ||
| 100 | _aBuhalis, Dimitrios, ed. | ||
| 245 | 0 | _aTourism business frontiers: Consumers, products and industry | |
| 260 |
_aAmsterdam _bElsevier _c2006 |
||
| 300 | _axxi, 273 p. | ||
| 942 | _cBK | ||
| 999 |
_c178375 _d178375 |
||